[Event "Titled Tuesday intern op 9th June"]
[Site "Chess.com INT"]
[Date "2020.06.09"]
[Round "8"]
[White "Horak, Martin"]
[Black "Kotliar, Mark"]
[Result "1/2-1/2"]
[WhiteElo "2331"]
[BlackElo "2300"]
[PlyCount "98"]
[EventDate "2020.06.09"]
[EventType "swiss (blitz)"]
[EventRounds "10"]
[EventCountry "USA"]
[SourceTitle "CBM 196 Extra"]
[Source "ChessBase"]
[SourceDate "2020.07.31"]
[SourceVersion "1"]
[SourceVersionDate "2020.07.31"]
[SourceQuality "1"]

1. e4 e5 2. Nc3 Bc5 3. Bc4 d6 4. d3 Nc6 5. f4 Bxg1 6. Rxg1 Qh4+ 7. g3 Qxh2 8. Be3 Nf6 9. Nd5 Nxd5 10. Bxd5 Nb4 11. Bb3 Be6 12. Qd2 Qxd2+ 13. Kxd2 Bxb3 14. axb3 a6 15. c3 Nc6 16. d4 0-0 17. d5 Ne7 18. c4 f5 19. fxe5 fxe4 20. Bf4 dxe5 21. Bxe5 Rac8 22. Ke3 Rfe8 23. Bc3 Nf5+ 24. Ke2 e3 25. g4 Nd6 26. Rg3 b5 27. c5 Ne4 28. Rxe3 Nxc5 29. b4 Rxe3+ 30. Kxe3 Re8+ 31. Kf3 Na4 32. Bd4 Rd8 33. Ke4 Re8+ 34. Kd3 Rf8 35. b3 Nb6 36. Bxb6 cxb6 37. Rxa6 Rf4 38. d6 Kf7 39. Rxb6 Rxb4 40. Rb7+ Ke6 41. Rxg7 Rxb3+ 42. Kc2 Rb4 43. d7 Rd4 44. Rxh7 Rxd7 45. Rxd7 Kxd7 46. Kc3 Ke6 47. Kb4 Kf6 48. Kxb5 Kg5 49. Kb6 Kxg4 1/2-1/2